[Event "Asia Nations online Cup"]
[Site "Chess.com INT"]
[Date "2020.10.16"]
[Round "5.16"]
[White "Ammar, Sedrani"]
[Black "Al Turky, Fahad A"]
[Result "1-0"]
[WhiteElo "2274"]
[BlackElo "1829"]
[PlyCount "67"]
[EventDate "2020.10.10"]
[EventType "team-swiss (rapid)"]
[EventRounds "9"]
[EventCountry "IND"]
[SourceTitle "CBM 198 Extra"]
[Source "ChessBase"]
[SourceDate "2020.11.30"]
[SourceVersion "1"]
[SourceVersionDate "2020.11.30"]
[SourceQuality "1"]
[WhiteTeam "United Arab Emirates"]
[BlackTeam "Saudi Arabia"]
[WhiteTeamCountry "UAE"]
[BlackTeamCountry "SAU"]

1. d4 d5 2. Nf3 Nf6 3. Bf4 c5 4. e3 Nc6 5. Nc3 a6 6. dxc5 e6 7. Bd3 Bxc5 8. 0-0 0-0 9. e4 dxe4 10. Nxe4 Nxe4 11. Bxe4 h6 12. Qe2 Qf6 13. Bg3 Bd7 14. Rfd1 Qe7 15. c3 Rac8 16. b4 Bb6 17. Bd6 Qe8 18. Bxf8 Kxf8 19. Bxc6 Bxc6 20. Ne5 Qe7 21. Nxc6 Rxc6 22. Rd3 Qf6 23. Rf3 Qh4 24. Rd1 Qe7 25. a4 Qc7 26. a5 Ba7 27. Qd2 Ke7 28. Rd3 Kf6 29. Rd7 Qb8 30. g3 g5 31. Qd3 Kg7 32. Qf3 Qe8 33. Rxb7 Bb8 34. Rxb8 1-0

[Event "Wch Blitz"]
[Site "St Petersburg"]
[Date "2018.12.30"]
[Round "18"]
[White "Al Turky, Fahad A"]
[Black "Hirneise, Jens"]
[Result "0-1"]
[WhiteElo "1836"]
[BlackElo "2371"]
[PlyCount "66"]
[EventDate "2018.12.29"]
[EventType "swiss (blitz)"]
[EventRounds "21"]
[EventCountry "RUS"]
[SourceTitle "CBM 187 Extra"]
[Source "ChessBase"]
[SourceDate "2018.11.04"]
[SourceVersion "1"]
[SourceVersionDate "2018.11.04"]
[SourceQuality "1"]

1. e4 c5 2. Nf3 d6 3. d4 cxd4 4. Nxd4 Nf6 5. Nc3 Bd7 6. Be2 e5 7. Nf3 Bc6 8. Bg5 Be7 9. Bd3 Nbd7 10. 0-0 0-0 11. Re1 a6 12. a4 h6 13. Bh4 Nc5 14. Bxf6 Bxf6 15. Nd5 Bxd5 16. exd5 Re8 17. Bc4 Qb6 18. b3 e4 19. Nd4 Nxa4 20. Rxa4 Bxd4 21. Re2 Re5 22. Ra2 Rae8 23. Qd2 Bxf2+ 24. Kh1 e3 25. Qd3 Qd8 26. Ra1 b5 27. Bxb5 axb5 28. Qxb5 Qg5 29. Ra7 Qh5 30. h3 f5 31. Qb7 R5e7 32. Qb6 Rxa7 33. Qxa7 Qxe2 0-1

[Event "Wch Blitz"]
[Site "St Petersburg"]
[Date "2018.12.29"]
[Round "6"]
[White "Al Turky, Fahad A"]
[Black "Iljin, Artem"]
[Result "0-1"]
[WhiteElo "1836"]
[BlackElo "2509"]
[PlyCount "60"]
[EventDate "2018.12.29"]
[EventType "swiss (blitz)"]
[EventRounds "21"]
[EventCountry "RUS"]
[SourceTitle "CBM 187 Extra"]
[Source "ChessBase"]
[SourceDate "2018.11.04"]
[SourceVersion "1"]
[SourceVersionDate "2018.11.04"]
[SourceQuality "1"]

1. d4 Nf6 2. c4 e6 3. g3 Bb4+ 4. Bd2 Qe7 5. Bg2 0-0 6. Nf3 Bxd2+ 7. Nbxd2 d6 8. 0-0 e5 9. d5 e4 10. Ng5 e3 11. Ndf3 exf2+ 12. Rxf2 h6 13. Nh3 Ng4 14. Qd3 Nxf2 15. Nxf2 Nd7 16. b4 a5 17. bxa5 Rxa5 18. Ne4 Ne5 19. Qc3 Ra4 20. Nfd2 b6 21. a3 Bd7 22. Rb1 Bf5 23. Rb4 Rfa8 24. Nb3 Rxa3 25. Qb2 Ng4 26. Nd4 Bxe4 27. Nc6 Ra1+ 28. Bf1 Qg5 29. Qc3 Ne3 30. Kf2 Rxf1# 0-1

[Event "Wch Blitz"]
[Site "St Petersburg"]
[Date "2018.12.29"]
[Round "11"]
[White "Ovchinnikov, Vsevolod"]
[Black "Al Turky, Fahad A"]
[Result "1-0"]
[WhiteElo "2329"]
[BlackElo "1836"]
[PlyCount "95"]
[EventDate "2018.12.29"]
[EventType "swiss (blitz)"]
[EventRounds "21"]
[EventCountry "RUS"]
[SourceTitle "CBM 187 Extra"]
[Source "ChessBase"]
[SourceDate "2018.11.04"]
[SourceVersion "1"]
[SourceVersionDate "2018.11.04"]
[SourceQuality "1"]

1. Nf3 d5 2. e3 Nf6 3. c4 c6 4. b3 Bg4 5. Bb2 e6 6. Nc3 Bd6 7. h3 Bh5 8. d4 0-0 9. Be2 Nbd7 10. 0-0 Re8 11. Rc1 e5 12. dxe5 Nxe5 13. cxd5 cxd5 14. Nxe5 Bxe2 15. Nxf7 Bxd1 16. Nxd8 Raxd8 17. Rfxd1 Be5 18. Na4 Bxb2 19. Nxb2 Rc8 20. Nd3 d4 21. exd4 Rxc1 22. Nxc1 Rd8 23. Ne2 Nd5 24. Rc1 Rd7 25. a3 Ne7 26. f3 Nf5 27. Rd1 Kf7 28. Kf2 g5 29. g4 Ne7 30. Kg3 Nc6 31. h4 h6 32. hxg5 hxg5 33. Kf2 Na5 34. Rd3 b6 35. Ng3 Nb7 36. Ne4 Kg6 37. d5 a5 38. Ke3 Nd6 39. Nxd6 Rxd6 40. Ke4 Kf6 41. Rc3 Rd7 42. Rc6+ Ke7 43. Rxb6 Rd6 44. Rxd6 Kxd6 45. Kd4 Kd7 46. b4 a4 47. Kc5 Ke7 48. b5 1-0

[Event "Wch Rapid"]
[Site "St Petersburg"]
[Date "2018.12.28"]
[Round "13"]
[White "Ahmed, Hassan Abdillahi"]
[Black "Al Turky, Fahad A"]
[Result "1-0"]
[WhiteElo "1570"]
[BlackElo "1836"]
[PlyCount "87"]
[EventDate "2018.12.26"]
[EventType "swiss (rapid)"]
[EventRounds "15"]
[EventCountry "RUS"]
[SourceTitle "CBM 187 Extra"]
[Source "ChessBase"]
[SourceDate "2018.11.04"]
[SourceVersion "1"]
[SourceVersionDate "2018.11.04"]
[SourceQuality "1"]

1. d4 d5 2. c4 c6 3. Nf3 Nf6 4. Bg5 e6 5. a3 Bd6 6. Nc3 Nbd7 7. e4 dxe4 8. Nxe4 Be7 9. Bxf6 Nxf6 10. Bd3 0-0 11. 0-0 Qb6 12. Nfg5 h6 13. Nxf6+ Bxf6 14. Nh7 Qxd4 15. Nxf8 Kxf8 16. Qf3 e5 17. Rab1 Be6 18. b3 Be7 19. a4 Rd8 20. Bf5 Bxf5 21. Qxf5 Kg8 22. Qh5 Qf4 23. Rbd1 Rd4 24. Rfe1 Bc5 25. g3 Qf6 26. Rxd4 Bxd4 27. Qe2 Qf5 28. Kg2 f6 29. Qf3 Qc2 30. Re2 Qd1 31. a5 a6 32. Re4 Qb1 33. Rg4 Kf7 34. Qe4 Qb2 35. Qg6+ Ke6 36. Rxd4 exd4 37. Qxg7 d3 38. Qg4+ Kd6 39. Qf4+ Kc5 40. Qf5+ Kb4 41. Qxd3 Qxb3 42. Qd6+ Kxc4 43. Qxf6 Qc3 44. Qf7+ 1-0

[Event "Olympiad-42"]
[Site "Baku"]
[Date "2016.09.11"]
[Round "9.4"]
[White "Tang, Tang"]
[Black "Al Turky, Fahad A"]
[Result "1-0"]
[WhiteElo "2108"]
[BlackElo "1861"]
[PlyCount "73"]
[EventDate "2016.09.02"]
[EventType "team-swiss"]
[EventRounds "11"]
[EventCountry "AZE"]
[SourceTitle "CBM 175"]
[Source "ChessBase"]
[SourceDate "2016.11.10"]
[SourceVersion "1"]
[SourceVersionDate "2016.11.10"]
[SourceQuality "1"]
[WhiteTeam "Japan"]
[BlackTeam "Saudi Arabia"]
[WhiteTeamCountry "JPN"]
[BlackTeamCountry "SAU"]

1. d4 Nf6 2. Bg5 d5 3. Nd2 e6 4. e3 Be7 5. Bd3 b6 6. Qe2 c5 7. c3 0-0 8. f4 a5 9. a4 Ba6 10. Bxa6 Nxa6 11. Ngf3 Ne4 12. Bxe7 Qxe7 13. Nxe4 dxe4 14. Ng5 f5 15. Qc4 Nc7 16. dxc5 bxc5 17. 0-0-0 h6 18. Nh3 Nd5 19. Rhe1 Rab8 20. Rd2 Qb7 21. g4 g6 22. gxf5 gxf5 23. Rg1+ Kh7 24. Qe2 Nxc3 25. Qh5 Rg8 26. Ng5+ Rxg5 27. fxg5 Na2+ 28. Kb1 Nc3+ 29. Ka1 Qg7 30. Qxh6+ Qxh6 31. gxh6 Nd5 32. Rg3 Rb4 33. Rdg2 Rxa4+ 34. Kb1 Rb4 35. Rg7+ Kxh6 36. R7g3 Nf6 37. Rg6+ 1-0